000 01172cam a22002891 4500
001 gs 65000211
003 DLC
005 20260227111416.0
008 780202s1964 dcuab b f000 0 eng
010 _ags 65000211
035 _a(OCoLC)3598916
040 _aDLC
_cOClU
_dOCoLC
_dISS
_dOCoLC
_dDLC
050 0 0 _aQE75
_b.P9 no. 457
051 _aQE90.S114
_bS6
086 0 _aI 19.16:457
100 1 _aSmith, George I.
_q(George Irving),
_d1927-
245 1 0 _aGeology and volcanic petrology of the Lava Mountains, San Bernardino County, California,
_cby George I. Smith.
260 _aWashington,
_bU.S. Govt. Print. Off.,
_c1964.
300 _a97 p.
_billus. (1 col.) maps (1 col.)
_c29 cm.
410 2 0 _aGeological Survey (U.S.).
_tProfessional paper,
_v457
500 _aPart of illustrative matter fold. in pocket.
500 _aPrepared partly in cooperation with the State of California, Dept. of Conservation, Division of Mines and Geology.
504 _aBibliography: p. 87-89.
650 0 _aGeology
_zCalifornia
_zSan Bernardino County
650 0 _aPetrology
_zCalifornia
_zSan Bernardino County
740 0 _aLava Mountains, San Bernardino County, California.
999 _c30024
_d30024